| 000 | 00470nam a2200169Ia 4500 | ||
|---|---|---|---|
| 003 | LDD | ||
| 008 | 190117s9999 xx 000 0 und d | ||
| 020 | _c₹125 | ||
| 040 | _cLDD | ||
| 041 | _ahi | ||
| 082 | _a8H3.7 शु1166ना | ||
| 100 | _aशुक्ल, कमल | ||
| 245 | 0 |
_aनारी नीति सार _cकमल शुक्ल |
|
| 260 |
_aनई दिल्ली _bसुयोग्य _c1993 |
||
| 300 | _a256पृ. | ||
| 942 |
_2ddc _cH |
||
| 999 |
_c171823 _d171823 |
||